| 000 | 01329cam a2200373 a 4500 | ||
|---|---|---|---|
| 001 | 6787146 | ||
| 003 | OSt | ||
| 005 | 20140310182459.0 | ||
| 006 | m u | ||
| 007 | co ugu|||||||| | ||
| 008 | 071214s2009 paua b 001 0 eng | ||
| 010 | _a 2007051345 | ||
| 015 |
_aGBA781927 _2bnb |
||
| 020 | _a9781573402910 (alk. paper) | ||
| 020 | _a1573402915 (alk. paper) | ||
| 020 | _a1573402990 (hbk.) | ||
| 020 | _a9781573402996 (hbk.) | ||
| 035 | _a(OCoLC)172979414 | ||
| 040 |
_aDNLM/DLC _cDLC _dNLM _dUKM _dBTCTA _dBAKER _dYDXCP _dC#P _dCDX |
||
| 050 | 0 | 0 |
_aRC 670.5.M33 _b.At83 2009 |
| 100 |
_aWarren J. Manning _98540 |
||
| 245 | 0 | 0 |
_aAtlas of cardiovascular magnetic resonance / _ceditor-in-chief, Warren J. Manning ; with 49 contributors. |
| 246 | 3 | 0 | _aCardiovascular magnetic resonance |
| 260 |
_aPhiladephia, PA : _bSpringer, _cc2009. |
||
| 300 |
_a 308 p. : _bill. (some col.) ; _c32 cm. _e1 CD-ROM (4 3/4 in.) |
||
| 504 | _aIncludes bibliographical references and index. | ||
| 541 | _j1 | ||
| 650 | 0 |
_aCardiovascular system _xMagnetic resonance imaging _vAtlases. _98541 |
|
| 650 | 1 | 2 |
_aMagnetic Resonance Imaging _xmethods _vAtlases. _98542 |
| 650 | 1 | 2 |
_aCardiovascular Diseases _xdiagnosis _vAtlases. _98543 |
| 700 | 1 |
_aManning, Warren J. _98544 |
|
| 942 |
_2lcc _cSSLC |
||
| 999 |
_c13781 _d13781 |
||